Rosen v The Trustees of the Campden Charities (Record no. 62596)

MARC details
000 -LEADER
fixed length control field 01418cam a2200217 4500
001 - CONTROL NUMBER
control field ABS61971
008 - FIXED-LENGTH DATA ELEMENTS--GENERAL INFORMATION
fixed length control field 000000n2000 000 0 eng u
035 ## - SYSTEM CONTROL NUMBER
System control number (Sirsi) u104336
245 ## - TITLE STATEMENT
Title Rosen v The Trustees of the Campden Charities
260 ## - PUBLICATION, DISTRIBUTION, ETC.
Date of publication, distribution, etc. 2000
490 ## - SERIES STATEMENT
Series statement Property, Planning and Compensation Reports
Volume/sequential designation (2000) P&CR 33-45(7)
520 ## - SUMMARY, ETC.
Summary, etc. LT 14 May 1999. The appellant was entitled to purchase the freehold of 25 Kensington Gate but it had to be determined whether there had been improvements to the property which, by virtue of the Leasehold Reform Act 1967 s9 fell to be disregarded in the determination of the price. By a license of 1937 certain works were permitted but it was unclear when the works were carried out. Although there was evidence that the respondent (G) had been in occupation prior to the grant of the 1937 lease and the judge found that it was more likely than not that the works were begun and completed before the grant of the 1937 lease. The Leasehold Valuation Tribunal had not taken into account any improvements in determining the price of the house. Appeal allowed.
590 ## - LOCAL NOTE (RLIN)
Local note ABS
650 ## - SUBJECT ADDED ENTRY--TOPICAL TERM
Topical term or geographic name entry element ROSEN V TRUSTEES OF THE CAMDEN CHARITIES
650 ## - SUBJECT ADDED ENTRY--TOPICAL TERM
Topical term or geographic name entry element LEASEHOLD REFORM ACT 1967
650 ## - SUBJECT ADDED ENTRY--TOPICAL TERM
Topical term or geographic name entry element IMPROVEMENTS
650 ## - SUBJECT ADDED ENTRY--TOPICAL TERM
Topical term or geographic name entry element LEASEHOLD VALUATION TRIBUNAL
650 ## - SUBJECT ADDED ENTRY--TOPICAL TERM
Topical term or geographic name entry element DETERMINATION OF PRICE
690 ## - LOCAL SUBJECT ADDED ENTRY--TOPICAL TERM (OCLC, RLIN)
Topical term or geographic name as entry element LANDLORD AND TENANT-LEASEHOLD REFORM-CASE LAW
942 ## - ADDED ENTRY ELEMENTS (KOHA)
Suppress in OPAC 0
Holdings
Withdrawn status Lost status Source of classification or shelving scheme Damaged status Not for loan Home library Current library Shelving location Date acquired Total Checkouts Full call number Barcode Date last seen Copy number Price effective from Koha item type
    Dewey Decimal Classification     London London Journal article 23/02/2000   ABS61971 104336-1001 06/08/2019 1 06/08/2019 Law report